00905nam a2200193Ia 4500008004100000020001500041041001200056082001100068100001100079245003900090260003600129300000800165650001200173942000700185999001500192952016800207952016800375952016800543221030s9999 xx 000 0 und d a812193169X aEnglish a105.23 aS. Das 0aContemporary Communication English bS. Chand & Co.aNew Delhic2009 a148 aEnglish cBK c6456d6456 pBE 10233g80.00l0o105.23 r2024-06-13 00:00:00w2022-10-30yBK003Print4071aMIETLIBbMIETLIBcBL-Academic Block B, FL-1, CUP-57, SH-1, R-1d2009-12-2110HBE pBE 10234g80.00l0o105.23 r2024-06-13 00:00:00w2022-10-30yBK003Print4070aMIETLIBbMIETLIBcBL-Academic Block A, FL-1, CUP-21, SH-2, R-2d2009-12-2110HBE pBE 10235g80.00l0o105.23 r2024-06-13 00:00:00w2022-10-30yBK003Print4070aMIETLIBbMIETLIBcBL-Academic Block A, FL-1, CUP-21, SH-2, R-2d2009-12-2110HBE